Имплантаты для хирургии (Запись № 11439668)

Подробности
000 -МАРКЕР
контрольное поле 02517nam0a2200421 4500
001 - ИДЕНТИФИКАТОР ЗАПИСИ
контрольное поле RU\NLR\BIBL_A\011388162
005 - ИДЕНТИФИКАТОР ВЕРСИИ
контрольное поле 20260408073553.0
021 ## - НОМЕР ГОСУДАРСТВЕННОЙ РЕГИСТРАЦИИ
Код страны Российская Федерация
Номер 2017-23383
Номер Листа государственной регистраци 1730
029 10 - НОМЕР ДОКУМЕНТА (нормативные и технические документы. Неопубликованные документы)
Страна Российская Федерация
Номер 12189-2017
Тип номера документа ГОСТ Р ИСО
035 ## - ДРУГИЕ СИСТЕМНЫЕ НОМЕРА
Идентификатор записи (RuMoRGB)008842038
035 ## - ДРУГИЕ СИСТЕМНЫЕ НОМЕРА
Идентификатор записи (NLR Aleph) 011388162
100 ## - ДАННЫЕ ОБЩЕЙ ОБРАБОТКИ
Данные общей обработки 20170519d2017 k y0rusy50 ca
101 0# - ЯЗЫК РЕСУРСА
Язык текста, звукозаписи и т.д. русский
102 ## - СТРАНА ПУБЛИКАЦИИ ИЛИ ПРОИЗВОДСТВА
Страна публикации Российская Федерация
105 ## - ПОЛЕ КОДИРОВАННЫХ ДАННЫХ: ТЕКСТОВЫЕ МАТЕРИАЛЫ, МОНОГРАФИЧЕСКИЕ
Кодированные данные о монографическом текстовом документе a l 000|y
200 1# - ЗАГЛАВИЕ И СВЕДЕНИЯ ОБ ОТВЕТСТВЕННОСТИ
Основное заглавие Имплантаты для хирургии
Наименование части Механические испытания имплантируемых спинальных изделий
-- Метод усталостных испытаний сборных спинальных имплантатов с использованием передней опоры
Параллельное заглавие Implants for surgery. Mechanical testing of implantable spinal devices. Fatigue test method for spinal implant assemblies using an anterior support
Язык параллельного заглавия английский
Сведения, относящиеся к заглавию ГОСТ Р ИСО 12189-2017
Первые сведения об ответственности подготовлен ЦИТОпроект (ООО "ЦИТОпроект")
205 ## - СВЕДЕНИЯ ОБ ИЗДАНИИ
Сведения об издании Изд. офиц.
210 ## - ПУБЛИКАЦИЯ, РАСПРОСТРАНЕНИЕ И ДР.
Место издания, распространения и т.д. Москва
Имя издателя, распространителя и т. д. Стандартинформ
Дата издания, распространения и т.д. 2017
215 ## - ФИЗИЧЕСКАЯ ХАРАКТЕРИСТИКА
Специфическое обозначение материала и объем IV, 11 c.
Другие сведения о физической характеристике ил.
Размеры 29
225 2# - СЕРИЯ
Основное заглавие серии Национальный стандарт Российской Федерации
Сведения об ответственности Федеральное агентство по техническому регулированию и метрологии
239 ## - ОБЛАСТЬ СПЕЦИФИЧЕСКИХ СВЕДЕНИЙ: НОРМАТИВНЫЕ И ТЕХНИЧЕСКИЕ ДОКУМЕНТЫ
Сведения Введ. 01.01.2018
320 ## - ПРИМЕЧАНИЯ О НАЛИЧИИ В ДОКУМЕНТЕ БИБЛИОГРАФИИ / УКАЗАТЕЛЯ
Текст примечания Библиогр.: с. 10 (7 назв.)
510 1# - ПАРАЛЛЕЛЬНОЕ ЗАГЛАВИЕ
Параллельное заглавие Implants for surgery
Язык заглавия английский
510 1# - ПАРАЛЛЕЛЬНОЕ ЗАГЛАВИЕ
Параллельное заглавие Mechanical testing of implantable spinal devices
Язык заглавия английский
510 1# - ПАРАЛЛЕЛЬНОЕ ЗАГЛАВИЕ
Параллельное заглавие Fatigue test method for spinal implant assemblies using an anterior support
Язык заглавия английский
517 1# - ДРУГИЕ ВАРИАНТЫ ЗАГЛАВИЯ
Вариант заглавия ГОСТ Р ИСО 12189-2017
606 1# - НАИМЕНОВАНИЕ ТЕМЫ КАК ПРЕДМЕТ
Наименование темы Имплантаты спинальные
Формальный подзаголовок Стандарты
Тематический подзаголовок Усталостная прочность
-- Испытание
Системный номер авторитетной/нормативной записи 2328041
Идентификатор авторитетной/нормативной записи RU\NLR\AUTH\6601616741
675 ## - УНИВЕРСАЛЬНАЯ ДЕСЯТИЧНАЯ КЛАССИФИКАЦИЯ (UDC/УДК)
Индекс 620.178.35/006/354
686 ## - ИНДЕКСЫ ДРУГИХ КЛАССИФИКАЦИЙ
Индекс 11.040.40
Издание 2000
Код системы
686 ## - ИНДЕКСЫ ДРУГИХ КЛАССИФИКАЦИЙ
Индекс 93 9300
Код системы
712 02 - НАИМЕНОВАНИЕ ОРГАНИЗАЦИИ - ВТОРИЧНАЯ ОТВЕТСТВЕННОСТЬ
Код отношения Разработчик номерного издания
Начальный элемент ввода "Цитопроект", общество с ограниченной ответственностью
Идентифицирующий признак Москва
Системный номер авторитетной/нормативной записи 558141
Идентификатор авторитетной/нормативной записи RU\NLR\AUTH\880447280
712 01 - НАИМЕНОВАНИЕ ОРГАНИЗАЦИИ - ВТОРИЧНАЯ ОТВЕТСТВЕННОСТЬ
Код отношения Агентство по стандартам
Начальный элемент ввода Российская Федерация
Структурное подразделение Федеральное агентство по техническому регулированию и метрологии
Системный номер авторитетной/нормативной записи 630205
Идентификатор авторитетной/нормативной записи RU\NLR\AUTH\8810064304
942 ## - ДОПОЛНИТЕЛЬНЫЕ ЭЛЕМЕНТЫ ЗАПИСИ (АБИС)
Тип экземпляра АБИС Книга
980 ## - КОЛЛЕКЦИЯ
Название коллекции НБР

Нет доступных экземпляров.